000 00703nam a2200253Ia 4500
003 OSt
005 20220928125608.0
006 a|||||r|||| 00| 0
007 ta
008 220927b |||||||| |||| 00| 0 eng d
024 _a69117
037 _cTextual
040 _aSDCL
_cSDCL
_beng
041 _2eng
_aeng
082 _aX:5381, P5
100 _aGangopadhyay Partha Ed.
_9470468
245 0 _aEconomics of globalisation
260 _aEngland
_bAshgate
_c2005
300 _axviii,314p
_ccm.
650 _aGlobalisation
700 _a Chatterji Manas Ed.
_9470469
942 _hX:5381, P5
_cTEXL
_2CC
999 _c783180
_d783180